00333nam a22001217a 450000500170000000800410001708200140005811000240007224500530009626000440014930000100019365000080020320200601103848.0200601b xxu||||| |||| 00| 0 eng d a345.4 AIR aAll India Reporter  aAll India Reporter 1985 (V-72) KARNATAKA section aBOMBAYbAll India Reporter Ltd. c1985 a448p. aLAW